000 00334nam a2200145Ia 4500
005 20251222141929.0
008 251222s9999||||xx |||||||||||||| ||spa||
020 _a950-701-338-5
082 _a375.05/R44
100 _aResnick, Lauren B.
245 0 _aCurrículum y Cognición
250 _a3a. ed.
264 _bAique
942 _cLIB
999 _c8961
_d8961